| 000 | 00574cab a2200205 4500 | ||
|---|---|---|---|
| 001 | ABS56433 | ||
| 008 | 090401t1997 xxu||||| |||| 00| 0 eng d | ||
| 035 | _a(Sirsi) u23555 | ||
| 041 | _aeng | ||
| 245 | _aCost model: 20/20 vision | ||
| 260 | _c1997 | ||
| 350 | _a0 | ||
| 490 |
_aBuilding Procurement _vJanuary 1997, 17-24(8) |
||
| 520 | _aUpdates over twenty cost models appearing in Building since 1993. | ||
| 650 | _aBUILT ENVIRONMENT-BUILDING COSTS | ||
| 650 | _aCOST MODELS | ||
| 690 | _aBUILT ENVIRONMENT-BUILDING COSTS | ||
| 942 | _n0 | ||
| 948 | _c04/03/1997 | ||
| 999 |
_c15747 _d15747 |
||